| 000 | 01013nac a22003011i 4500 | ||
|---|---|---|---|
| 003 | EG-ScBUE | ||
| 005 | 20221220105419.0 | ||
| 008 | 221220t2007 sz a f b 001 0 eng d | ||
| 020 | _a9783764375775 (pbk. : alk. paper) | ||
| 020 | _a3764375779 (pbk. : alk. paper) | ||
| 020 | _a9783764375768 (German ed.) | ||
| 035 | _a(OCoLC)ocm85830249 | ||
| 040 |
_aEG-ScBUE _beng _erda _cEG-ScBUE _dEG-ScBUE |
||
| 082 | 0 | 4 |
_a729 _bGAN _222 |
| 100 | 1 |
_aGänshirt, Christian, _eauthor. |
|
| 245 | 1 | 0 |
_aTools for ideas : _ban introduction to architectural design / _cChristian Gänshirt. |
| 264 | 1 |
_aBasel ; _aBoston : _bBirkhauser, _c[2007] |
|
| 264 | 4 | _cc2007 | |
| 300 |
_a255 pages : _billustrations (some color) ; _c24 cm |
||
| 336 |
_2rdacontent _atext _btxt |
||
| 337 |
_2rdamedia _aunmediated _bn |
||
| 338 |
_2rdacarrier _avolume _bnc |
||
| 504 | _aIncludes bibliographical references and index. | ||
| 650 | 7 |
_aArchitectural design. _2BUEsh |
|
| 653 | _bENGARC | ||
| 655 | _vReading book | ||
| 942 |
_cBB _2ddc |
||
| 999 |
_c8753 _d8753 |
||